Fotokatalytické vlastnosti komplexov medi a ich aplikácie

Gespeichert in:
Bibliographische Detailangaben
1. Verfasser: Izakovič, Mário, 1973- (Verfasst von)
Format: Manuskript Buch
Sprache:Slowakisch
Veröffentlicht: Bratislava : STU v Bratislave ChtF, 2000
Ausgabe:Obháj.: 7.2.2001
Tags: Tag hinzufügen
Keine Tags, Fügen Sie das erste Tag hinzu!

MARC

LEADER 00000ntm a22000003a 4500
001 stu61306
005 20150617225650.3
008 010925s2000----xo------------------slo-d
040 |a STU  |b slo 
041 0 |a slo 
044 |a xo 
080 |a 544.526.5(043.3) 
100 1 |a Izakovič, Mário,  |d 1973-  |4 aut  |u C2190  |U FCHPT Ústav anorganickej chémie, technológie a materiálov  |T FCHPT Oddelenie anorganickej chémie  |X 3913  |U C2190  |Y 112  |7 A000003913 
245 1 |a Fotokatalytické vlastnosti komplexov medi a ich aplikácie 
250 |a Obháj.: 7.2.2001 
260 |a Bratislava :  |b STU v Bratislave ChtF,  |c 2000 
300 |a 163 s. Tab.,grafy,lit 
500 |a Katedra anorganickej chémie 
996 |b 284C019641  |c C*KD452  |l CCI  |s A  |a 24  |w stu61306_0001